000 00679cam a22002413a 4500
001 22696
003 PGUSA
005 20140828083501.0
008 070921s2007||||xxu|||||s|||||000 1 eng d
040 _aPGUSA
_beng
042 _adc
050 4 _aPS
100 1 _aHughes, Rupert,
_d1872-1956
245 1 0 _aColonel Crockett's Co-operative Christmas
_h[electronic resource] /
_cRupert Hughes
260 _bProject Gutenberg,
_c2007
506 _aPublic domain in the USA.
516 _aElectronic text
653 _aEpistolary fiction
653 _aChristmas stories
830 0 _aProject Gutenberg
_v22696
856 4 0 _uhttp://www.gutenberg.org/ebooks/22696
942 _cEB
999 _c251951
_d251951